Canciones de La Oreja de Van Gogh - Muerte súbita - Estadísticas

Estadísticas generales
  • Esta prueba ha sido intentada 104 veces
  • La puntuación promedio es 10 de 18
Answers on the Grid
Answers color-coded by a green-red scale on the quiz's grid according to % correct below.
Rosas
Zapatillas
El 28
Soldadito marinero
Sobreviviré
La playa
Inmortal
Princesas
Pop
París
Dulce locura
Cien gaviotas
Cometas por el cielo
Cuando me vaya
1 más 1 son 7
Diciembre
Dile al sol
Soñaré
El sol no regresa
La camisa negra
Salomé
Puedes contar conmigo
Cuídate
20 de enero
20 de abril
La raja de tu falda
Hijo de la luna
Soledad
El último vals
Muñeca de trapo
Abrázame
Maggie despierta
 
Estadísticas de respuestas
Respuesta % Correcto
Rosas
98%
La playa
80%
Puedes contar conmigo
74%
20 de enero
73%
Inmortal
68%
Muñeca de trapo
64%
Cometas por el cielo
62%
Dulce locura
62%
París
56%
Pop
56%
El último vals
53%
Cuídate
52%
Diciembre
47%
Dile al sol
44%
El 28
44%
Abrázame
39%
Soñaré
39%
Soledad
36%
No se encontraron pruebas coincidentes
Distribución de puntuación
Porcentaje de gente con cada puntuación
Porcentaje por número respondido
Historial de tus puntuaciones
No has intentado esta prueba.